000 00281nam a22001217a 4500
008 170321b xxu||||| |||| 00| 0 eng d
041 _aeng
080 _a616.12-008-073
100 _a7
101 _ashm
245 _aPREVENTIVE CARDIOLOGY
_cMCBRIDE, P.E
942 _2udc
_cBK
999 _c8229
_d8229